Risk assessments of salmonella in eggs and broiler chickens

Na minha lista:
Detalhes bibliográficos
Formato: Livro
Idioma:Undetermined
Publicado em: Rome, Italy FAO 2002
Assuntos:
Tags: Adicionar Tag
Sem tags, seja o primeiro a adicionar uma tag!
Thư viện lưu trữ: Trung tâm Học liệu Trường Đại học Cần Thơ
LEADER 00444nam a2200157Ia 4500
001 CTU_55856
008 210402s9999 xx 000 0 und d
082 |a 639.5089 
082 |b R595 
245 0 |a Risk assessments of salmonella in eggs and broiler chickens 
260 |a Rome, Italy 
260 |b FAO 
260 |c 2002 
650 |a veterinary medicine,chicken 
650 |x diseases 
980 |a Trung tâm Học liệu Trường Đại học Cần Thơ